000 00269 a2200097 4500
001 59246
100 _a
245 _aCrocodile smile;a read aloud play ( 6 copies set with teachers notes and a poster )
260 _aAustralia
_bMcGraw-HIll
_c2005
090 _c36306
_d36306
942 _aNUST-CAE
_c
_c29232
999 _c294319
_d294319